Künstlerautobiographie : die Konstruktion von Künstlerschaft am Beispiel Ludwig Richters

Verlagsinfo: Wie äußern Künstler ihre Vorstellung von sich selbst? Saskia Pütz analysiert die Konstruktion von Künstlerschaft in deutschen Autobiographien des 19. Jahrhunderts. Ausgehend von den Lebenserinnerungen Ludwig Richters stellt sie die Übernahme literarischer Motive und wissenschaftlic...

Full description

Saved in:
Bibliographic Details
Main Author: Pütz, Saskia (Author)
Document Type: Thesis Book
Language:German
Published: Berlin : Mann , 2011
Series:Berliner Schriften zur Kunst 23
Subjects:
Online Access:Rezension
Rezension
Inhaltsverzeichnis
Rezension
Related Items:Rezensiert in: [Rezension von: Saskia Pütz, Künstlerautobiographie. Die Konstruktion von Künstlerschaft am Beispiel Ludwig Richters]
Author Notes:Saskia Pütz
LEADER 06485cam a2200949 c 4500
001 659256789
003 DE-627
005 20260616223336.0
007 tu
008 110518s2011 gw ||||| m 00| ||ger c
010 |a  2012356171 
015 |a 11,N20  |2 dnb 
015 |a 11,N20  |2 dnb 
016 7 |a 1011630818  |2 DE-101 
020 |a 9783786126577  |q Leinen. : ca. EUR 59.00 (DE), ca. EUR 60.70 (AT), ca. sfr 78.90 (freier Pr.)  |9 978-3-7861-2657-7 
024 3 |a 9783786126577 
035 |a (DE-627)659256789 
035 |a (DE-603)280183526 
035 |a (DE-576)345537424 
035 |a (DE-599)DNB1011630818 
035 |a (OCoLC)779547294 
035 |a (OCoLC)740902344 
035 |a (OCoLC)938763567 
035 |a (OCoLC)731901520 
035 |a (OCoLC)783430605 
040 |a DE-627  |b ger  |c DE-627  |e rakwb 
041 |a ger 
044 |c XA-DE-BE 
050 0 |a N40.R53 
082 0 |a 700  |q BSZ 
082 0 4 |a 750  |a 700  |q DNB 
084 |a 9,10  |2 ssgn 
084 |a LI 72350  |2 rvk  |0 (DE-625)rvk/96938: 
084 |a LH 61080  |2 rvk  |0 (DE-625)rvk/94207: 
084 |a EC 7415  |2 rvk  |0 (DE-625)rvk/20803:13513 
084 |a 20.03  |2 bkl 
084 |a 20.10  |2 bkl 
084 |a 20.31  |2 bkl 
090 |a a 
100 1 |a Pütz, Saskia  |d 1971-  |0 (DE-588)1019810769  |0 (DE-627)687017955  |0 (DE-576)278898424  |4 aut 
245 1 0 |a Künstlerautobiographie  |b die Konstruktion von Künstlerschaft am Beispiel Ludwig Richters  |c Saskia Pütz 
264 1 |a Berlin  |b Mann  |c 2011 
300 |a 364 S.  |b Ill.  |c 240 mm x 170 mm 
336 |a Text  |b txt  |2 rdacontent 
337 |a ohne Hilfsmittel zu benutzen  |b n  |2 rdamedia 
338 |a Band  |b nc  |2 rdacarrier 
490 1 |a Berliner Schriften zur Kunst  |v Bd. 23 
502 |a Zugl.: Berlin, Freie Univ., Diss., 2008 
520 |a Verlagsinfo: Wie äußern Künstler ihre Vorstellung von sich selbst? Saskia Pütz analysiert die Konstruktion von Künstlerschaft in deutschen Autobiographien des 19. Jahrhunderts. Ausgehend von den Lebenserinnerungen Ludwig Richters stellt sie die Übernahme literarischer Motive und wissenschaftlicher Strukturen dar. Im 'Jahrhundert der Biographie' beginnen auch Künstler, ihre Lebenswege aufzuschreiben und zu veröffentlichen. Der Anstieg gedruckter Künstlerautobiographien in Deutschland während der zweiten Hälfte des 19. Jahrhunderts ist bedeutsam. Die Texte entstehen dabei jeweils im Spannungsbereich von persönlichen Beweggründen, öffentlichem Interesse, wissenschaftlichen Anliegen und literarischen Vorbildern. Saskia Pütz untersucht diese Konstruktion von Künstlerschaft in der Künstlerautobiographie des 19. Jahrhunderts. Im Zentrum stehen die Lebenserinnerungen eines deutschen Malers von Ludwig Richter, anhand derer sie die Strukturen und Motive, mit denen künstlerische Identität im Text entworfen wird, analysiert. Im Vergleich mit anderen Selbstbiographien, so von Carl G. Carus, Wilhelm v. Kügelgen, Ernst Rietschel und Louise Seidler, werden zentrale Parameter herausgearbeitet, die für die Künstlerautobiographik des 19. Jahrhunderts allgemein von Interesse sind. Die Künstlerautobiographie erweist sich als literarischer Text, der die Entstehung und Darstellung von Künstlerschaft explizit zum Thema hat. Ihr charakteristischer Ausdruck künstlerischer Identität sowie ihre Prägung eines Modells sind kennzeichnend für die Moderne. 
583 1 |a Archivierung/Langzeitarchivierung gewährleistet  |f SSG  |x XA-DE-BW  |2 pdager  |5 DE-16 
583 1 |a Archivierung prüfen  |c 20240324  |f DE-4165  |z 1  |2 pdager 
600 1 0 |a Richter, Ludwig  |d 1803-1884 
650 0 |a Artists  |v Biography 
655 7 |a Hochschulschrift  |0 (DE-588)4113937-9  |0 (DE-627)105825778  |0 (DE-576)209480580  |2 gnd-content 
689 0 0 |d u  |0 (DE-588)4302859-7  |0 (DE-627)121610233  |0 (DE-576)211052558  |a Richter, Ludwig  |d 1803-1884  |t Lebenserinnerungen eines deutschen Malers  |2 gnd 
689 0 1 |d s  |0 (DE-588)4124854-5  |0 (DE-627)104353759  |0 (DE-576)209571632  |a Erzähltechnik  |2 gnd 
689 0 2 |d s  |0 (DE-588)4122349-4  |0 (DE-627)10576311X  |0 (DE-576)209550643  |a Selbstdarstellung  |2 gnd 
689 0 |5 DE-101 
751 |a Berlin  |0 (DE-588)4005728-8  |0 (DE-627)10482638X  |0 (DE-576)208862560  |4 uvp 
787 0 8 |i Rezensiert in  |a Gottdang, Andrea  |t [Rezension von: Saskia Pütz, Künstlerautobiographie. Die Konstruktion von Künstlerschaft am Beispiel Ludwig Richters]  |d 2012  |w (DE-627)1802100253 
830 0 |a Berliner Schriften zur Kunst  |v 23  |9 23  |w (DE-627)372430317  |w (DE-576)026544733  |w (DE-600)2125001-7  |x 1861-9460  |7 am 
856 4 2 |u https://swbplus.bsz-bw.de/bsz345537424rez.htm  |m B:DE-576;DE-16  |q application/pdf  |v 20121001165347  |x Verlag  |3 Rezension  |7 1 
856 4 2 |u http://www.sehepunkte.de/2012/09/20904.html  |m V:DE-576;X:Sehepunkte  |q text/html  |v 20180413101158  |3 Rezension  |7 1 
856 4 2 |u http://d-nb.info/1011630818/04  |m B:DE-101  |q application/pdf  |v 2013-05-01  |x Verlag  |3 Inhaltsverzeichnis  |7 1 
856 4 2 |u http://scans.hebis.de/HEBCGI/show.pl?28018352_rez.pdf  |m V:DE-576;B:DE-16  |q application/pdf  |3 Rezension  |7 1 
935 |a SAXB 
935 |i sf 
935 |i Blocktest 
936 r v |a LI 72350  |b Richter, Ludwig  |k Kunstgeschichte  |k Künstler-Monografien  |k Alphabetische Künstlerliste  |k Künstler R  |k Richter, Ludwig  |0 (DE-627)1270707450  |0 (DE-625)rvk/96938:  |0 (DE-576)200707450 
936 r v |a LH 61080  |b Kunstpsychologie und Künstlerpsychologie  |k Kunstgeschichte  |k Allgemeines. Allgemeine Kunstgeschichte  |k Theorie und Praxis der Bildenden Kunst  |k Theorie der Bildenden Kunst  |k Kunstpsychologie und Künstlerpsychologie  |0 (DE-627)1270651765  |0 (DE-625)rvk/94207:  |0 (DE-576)200651765 
936 r v |a EC 7415  |b 19. Jh.  |k Allgemeine und vergleichende Sprach- und Literaturwissenschaft. Indogermanistik. Außereuropäische Sprachen und Literaturen  |k Allgemeine und vergleichende Literaturwissenschaft.  |k Literaturgeschichte  |k Geschichte der Literaturgattungen (literarischen Gattungen)  |k Epik  |k Prosa  |k Nichtfiktionale Prosagattungen  |k Autobiografie  |k 19. Jh.  |0 (DE-627)1270778005  |0 (DE-625)rvk/20803:13513  |0 (DE-576)200778005 
936 b k |a 20.03  |j Methoden und Techniken der Kunstwissenschaften  |0 (DE-627)10640637X 
936 b k |a 20.10  |j Kunst und Gesellschaft  |0 (DE-627)106406256 
936 b k |a 20.31  |j Bildende Künstler  |0 (DE-627)181571080 
936 s n |a e100  |2 mzub 
936 s n |a l300  |2 mzub 
951 |a BO 
990 |a Richter, Ludwig / Lebenserinnerungen eines deutschen Malers 
990 |a Erzähltechnik 
990 |a Selbstdarstellung 
991 |a Rezensiertes Werk 
999 |a KXP-PPN659256789  |e 4169741099